Local communities and impacts of globalization (a case study)
Konfrontácia s globalizáciou v životoch členov rôznych sociálnych útvarov. Naznačenie pôsobenia globalizácie na špecifický segment spoločnosti (vidiek a predovšetkým poľnohospodárstvo). Prienik nadlokálnych (globálnych) vplyvov na český vidiek a špeciálne do českého poľnohospodárstva.
Gespeichert in:
| 1. Verfasser: | |
|---|---|
| Format: | Buchkapitel |
| Sprache: | Englisch |
| Schlagworte: | |
| Tags: |
Keine Tags, Fügen Sie das erste Tag hinzu!
|
MARC
| LEADER | 00000naa a2200000 4500 | ||
|---|---|---|---|
| 001 | r042745 | ||
| 005 | 20231004090700.2 | ||
| 041 | 0 | |a eng | |
| 044 | |a CZ | ||
| 245 | 1 | 0 | |a Local communities and impacts of globalization (a case study) |c Michal Lošťák |
| 520 | |a Konfrontácia s globalizáciou v životoch členov rôznych sociálnych útvarov. Naznačenie pôsobenia globalizácie na špecifický segment spoločnosti (vidiek a predovšetkým poľnohospodárstvo). Prienik nadlokálnych (globálnych) vplyvov na český vidiek a špeciálne do českého poľnohospodárstva. | ||
| 610 | 2 | 0 | |a globalizácia |
| 610 | 2 | 0 | |a vidiek |
| 610 | 2 | 0 | |a poľnohospodárstvo |
| 610 | 2 | 0 | |a skupiny sociálne |
| 610 | 2 | 0 | |a Česko |
| 610 | 2 | 0 | |a štúdie prípadové |
| 100 | 1 | |a Lošťák, Michal | |